000 00220nam a2200097Ia 4500
008 191206s9999 xx 000 0 und d
020 _a9.78027E+12
090 _a34.78
245 0 _aStatistics for Managers
260 _cc2013
999 _c16958
_d16958